| 000 | 00631nam a22002057a 4500 | ||
|---|---|---|---|
| 999 |
_c34960 _d34960 |
||
| 003 | OSt | ||
| 005 | 20240507222743.0 | ||
| 008 | 240507b ||||| |||| 00| 0 eng d | ||
| 020 | _a978-0-358-38024-5 | ||
| 040 | _cBCRI | ||
| 082 | _a823 | ||
| 100 | 1 |
_932737 _aTolkien, J.R.R. _d1892-1973 |
|
| 245 |
_aThe two towers : _b being the Second Part of The Lord of the Rings _cJ.R.R. Tolkien |
||
| 260 |
_aEstados Unidos _bClarion Books _c2020 |
||
| 300 |
_aX, 511-924 _bil. _c20 cm. |
||
| 490 | _a The Lord of the Rings | ||
| 546 | _aContenido en idioma inglés. | ||
| 650 | 0 |
_911162 _aNovela inglesa |
|
| 942 |
_2ddc _cBK _hprozim |
||